| 000 | 00682nam a2200217Ii 4500 | ||
|---|---|---|---|
| 003 | JO-AjNU | ||
| 008 | 230606s9999||||xx |||||||||||||| ||und|| | ||
| 020 | _a0-13-152962-5 | ||
| 040 |
_aJO-AjNU _beng _erda _cJO-AjNU |
||
| 041 | _aeng | ||
| 050 | 1 | 4 | _aT10.5.Z95.2006 |
| 100 | 3 |
_aZwickel,Steven/Pfeiffer,William Sanborn, _eauthor _91990 |
|
| 245 | 0 | 0 | _aPocket Guide to Technical Presentaions professional Speaking |
| 250 | _a1 ed | ||
| 264 | 3 | 1 | _aNew Jersy:pearson,2006 |
| 300 | _a256p | ||
| 336 |
_atext _btxt _2rdacontent |
||
| 337 |
_aunmediated _bn _2rdamedia |
||
| 338 |
_avolume _bnc _2rdacarrier |
||
| 650 | 4 |
_apublic speaking-communication of technical information _91991 |
|
| 999 |
_aE1046 _c1046 _d1046 |
||